LEADER 00966nam a2200229 4500 001 000000364701 003 CaOOAMICUS 005 20251015114134.0 008 251015s1973 it 000 u ita r 040 $aSeMil$bita 245 00$aGrozio :$bdella vera religione cristiana /$ca cura di Fiorella Pintacuda De Michelis. 264 1$aRoma ; Bari :$bLaterza,$c1973. 300 $aXLI, 177 p. ;$c19 cm 490 1 $aPiccola biblioteca filosofica Laterza ;$v86 700 1 $aDe Michelis Pintacuda, Fiorella,$d<1940-2008>.$0(OLS)http://semarc/name/31724 830 0$aPiccola biblioteca filosofica Laterza ;$v86.$0(OLS)http://semarc/title/18486 850 $aSeMil 852 $aSeMil$W1$xVenegono$y1$B255555$CSeMilBibl$Z2$F255555 $81 961 $aBuzzi mons. Franco - Omaggio 996 $6245$aGrozio :$bdella vera religione cristiana$9(OLS)http://semarc/title/456153 996 $6264$aRoma ; Bari :$bLaterza$9(OLS)http://semarc/publisher/30305 LEADER 01509nam a2200301 i 4500 001 000000105359 003 CaOOAMICUS 005 20250401134646.0 008 150831s1985 be u000 u lat u 013 $a77549 040 $aSeMil$bita 100 0 $aPetrus : Venerabilis,$c.$0(OLS)http://semarc/name/13286 245 10$aPetri Venerabilis Adversus iudaeos /$ccurante CETEDOC. 260 $aTurnhout :$bBrepols,$c1985. 300 $a63 p. ;$c26 cm + 6 microfiches. 490 0 $aCorpus Christianorum. Instrumenta lexicologica latina. Ser. A, Formae ;$vFasc.31 500 $aSpoglio lessicale 710 2 $aUniversité Catholique : Centre de traitement èlectronique des documents.$0(OLS)http://semarc/name/60 785 00$aPetrus : Venerabilis $tPetri Venerabilis adversus iudeorum inveteratam duritiem.$dTurnhout : Brepols, 1985.$kCorpus Christianorum. Continuatio Mediaevalis$z2-503-03582-5$w()105358 830 0$aCorpus Christianorum. Instrumenta lexicologica latina. Ser. A, Formae ;$v31.$0(OLS)http://semarc/title/82 850 $aSeMil 852 $aSeMil$W1$xVenegono$y1$mSL2.G CC.CM.ILL 31$j255617$B61607$CSeMilBibl$Z2$F71033 $8I 900 0 $aPietro : il Venerabile. 961 $aSottoscrizione: Brepols 996 $6245$aPetri Venerabilis Adversus iudaeos$9(OLS)http://semarc/title/152584 996 $6260$aTurnhout :$bBrepols$9(OLS)http://semarc/publisher/29626